Statistics for The Masked Singer Season 3 Reveals

Click here to take the quiz!

General Stats

  • This quiz has been taken 40 times
  • The average score is 16 of 18

Answer Stats

QuestionAnswer% Correct
Which celebrity was unmasked as “The Swan?”Bella Thorne (Annabella Thorne)
97%
Which celebrity was unmasked as “The Banana?”Bret Michaels (Bret M. Sychak)
97%
Which celebrity was unmasked as “The Elephant?”Tony Hawk (Anthony Hawk)
97%
Which celebrity was unmasked as “The Frog?”Bow Wow (Shad Moss)
94%
Which celebrity was unmasked as “Miss Monster?”Chaka Khan (Yvette Stevens)
94%
Which celebrity was unmasked as “The T-Rex?”JoJo Siwa (Joelle Joanie Siwa)
94%
Which celebrity was unmasked as “The Robot?”Lil Wayne (Dwayne Carter Jr.)
94%
Which celebrity was unmasked as “The White Tiger?”Rob Gronkowski
94%
Which celebrity was unmasked as “The Rhino?”Barry Zito
91%
Which celebrity was unmasked as “The Astronaut?”Hunter Hayes
91%
Which celebrity was unmasked as “The Kitty?”Jackie Evancho (Jacqueline Evancho)
91%
Which celebrity was unmasked as “Night Angel?”Kandi Burruss-Tucker
91%
Which celebrity was unmasked as “The Bear?”Sarah Palin
91%
Which celebrity was unmasked as “The Llama?”Drew Carey
88%
Which celebrity was unmasked as “The Taco?”Tom Bergeron
88%
Which celebrity was unmasked as “The Turtle?”Jesse McCartney
85%
Which celebrity was unmasked as “The Kangaroo?”Jordyn Woods
85%
Which celebrity was unmasked as “The Mouse?”Dionne Warwick (Marie Warwick)
79%

Score Distribution

Percentile by Number Answered

Percent of People with Each Score

Your Score History

You have not taken this quiz